000 00651nam a2200229Ia 4500
003 OSt
005 20220918205803.0
006 a|||||r|||| 00| 0
007 ta
008 220917b |||||||| |||| 00| 0 eng d
024 _a117,916
037 _cTextual
040 _aARTS
_cARTS
_beng
041 _2eng
_aeng
082 _aV677:19663.N5, K4
100 _aReyner Anthony S
_9116171
245 0 _aCase of an indeterminate boundary
_b Algeria Morocco
260 _aPittsburgh
_bDuquesne University Press
_c1964
650 _aHISTORY
942 _hV677:19663.N5, K4
_cTEXL
_2CC
999 _c241193
_d241193